| 000 | 00750cam a22002414a 4500 | ||
|---|---|---|---|
| 001 | 12195154 | ||
| 005 | 20180103074653.0 | ||
| 008 | 001004s2001 caua b 001 0 eng | ||
| 010 | _a 00011775 | ||
| 020 | _a0761919481 (pbk.) | ||
| 040 |
_aDLC _cDLC _dDLC |
||
| 041 | _aeng | ||
| 042 | _apcc | ||
| 080 | _a306.85072 GRE | ||
| 082 | 0 | 0 |
_a306.85072 GRE _221 |
| 100 | 1 | _a46 | |
| 101 | _aEDU | ||
| 245 | 1 | 0 |
_aMethods of family research / _cTheodore N. Greenstein. |
| 504 | _aIncludes bibliographical references (p. 196-200) and index. | ||
| 906 |
_a7 _bcbc _corignew _d1 _eecip _f20 _gy-gencatlg |
||
| 942 |
_2ddc _cBK |
||
| 999 |
_c39646 _d39646 |
||